00966nam a22002297a 4500003000400000005001700004008004100021020001800062040002900080050002600109100003100135245009200166260007500258300000900333650005700342650004500399650005200444700003900496942001500535952016900550999001700719OSt20260612122230.0260612b |||||||| |||| 00| 0 eng d a1-4166-0050-7 cChuka University Library aLB 1628.5b.T6 2005 1 aTomlinson Carol Ann920212 aDifferentiation in Practice :A Resource Guide for Differentiating Curriculum Grade 9-12 aVirginiabAssociation for Supervision and Curriculum Developmentc2005 a369p aEducation, Secondary Curricula United States928833 aCurriculum Planning United States926921 aIndividualized Instruction United States928974 aCindy A. Strickland(Author)928975 2lcccBKn0 00102lcc40708LGLaCHKbCHKcGENd2026-06-12eDonations from Books for Africag5825.76l0oLB 1628.5 .T6 2005p34173/2026r2026-06-12 12:24:30t1w2026-06-12yBK c24169d24169